Xuân mãi bên Người : 20 ca khúc về Hồ Chí Minh
Nhân kỷ niệm 125 năm ngày sinh Chủ tịch Hồ Chí Mih, nhạc sĩ xuất bản tập ca khúc "XUÂN MÃI BÊN NGƯỜI".
Bewaard in:
| Hoofdauteur: | |
|---|---|
| Formaat: | Boek |
| Taal: | Undetermined |
| Gepubliceerd in: |
Cần Thơ
Đại học Cần Thơ
2015
|
| Onderwerpen: | |
| Tags: |
Voeg label toe
Geen labels, Wees de eerste die dit record labelt!
|
| Thư viện lưu trữ: | Trung tâm Học liệu Trường Đại học Cần Thơ |
|---|
| LEADER | 00803nam a2200229Ia 4500 | ||
|---|---|---|---|
| 001 | CTU_229744 | ||
| 008 | 210402s9999 xx 000 0 und d | ||
| 020 | |c 30000 | ||
| 082 | |a 782.42 | ||
| 082 | |b H407 | ||
| 100 | |a Hồ, Hoàng | ||
| 245 | 0 | |a Xuân mãi bên Người : | |
| 245 | 0 | |b 20 ca khúc về Hồ Chí Minh | |
| 245 | 0 | |c Hồ Hoàng | |
| 260 | |a Cần Thơ | ||
| 260 | |b Đại học Cần Thơ | ||
| 260 | |c 2015 | ||
| 520 | |a Nhân kỷ niệm 125 năm ngày sinh Chủ tịch Hồ Chí Mih, nhạc sĩ xuất bản tập ca khúc "XUÂN MÃI BÊN NGƯỜI". | ||
| 650 | |a Bài hát Việt,Songs, Vietnamese | ||
| 650 | |x Tuyển tập,Collections | ||
| 910 | |b nthai | ||
| 980 | |a Trung tâm Học liệu Trường Đại học Cần Thơ | ||